Catálogo público

Cultivos básicos / (Record no. 218247)

MARC details
000 -CABECERA
campo de control de longitud fija 01010aaa a2200289 4500
003 - IDENTIFICADOR DEL NÚMERO DE CONTROL
campo de control OSt
005 - FECHA Y HORA DE LA ÚLTIMA TRANSACCIÓN
campo de control 20230704144913.0
007 - CAMPO FIJO DE DESCRIPCIÓN FÍSICA--INFORMACIÓN GENERAL
campo de control de longitud fija ta
008 - DATOS DE LONGITUD FIJA--INFORMACIÓN GENERAL
campo de control de longitud fija 230703b2015 mx a||||r|||| 001 0 s d
020 ## - NÚMERO INTERNACIONAL ESTÁNDAR DEL LIBRO
Número Internacional Estándar del Libro 9786071721235
040 ## - FUENTE DE LA CATALOGACIÓN
Centro/agencia transcriptor CHAP
082 00 - NÚMERO DE LA CLASIFICACIÓN DECIMAL DEWEY
Número de edición 22
Número de clasificación 633.1041
Número de documento/Ítem C96 2015
245 00 - MENCIÓN DE TÍTULO
Título Cultivos básicos /
Mención de responsabilidad, etc. basado en el trabajo de Johan D. Berlijn ; colaboración F. R. Kirchner Salinas...[y otros dos]
250 ## - MENCIÓN DE EDICIÓN
Mención de edición Cuarta edición.
264 #1 - PRODUCCIÓN, PUBLICACIÓN, DISTRIBUCIÓN, FABRICACIÓN Y COPYRIGHT
Producción, publicación, distribución, fabricación y copyright México :
Nombre del de productor, editor, distribuidor, fabricante Trillas,
Fecha de producción, publicación, distribución, fabricación o copyright 2015.
300 ## - DESCRIPCIÓN FÍSICA
Extensión 96 páginas :
Otras características físicas Ilustraciones.
490 1# - MENCIÓN DE SERIE
Mención de serie Manuales para educación agropecuaria
Designación de volumen o secuencia Producción vegetal
504 ## - NOTA DE BIBLIOGRAFÍA, ETC.
Nota de bibliografía, etc. Bibliografía página 95
650 #4 - PUNTO DE ACCESO ADICIONAL DE MATERIA--TÉRMINO DE MATERIA
9 (RLIN) 140220
Término de materia o nombre geográfico como elemento de entrada Suelos
Subdivisión general Fertilidad
650 #4 - PUNTO DE ACCESO ADICIONAL DE MATERIA--TÉRMINO DE MATERIA
9 (RLIN) 64303
Término de materia o nombre geográfico como elemento de entrada Labranza
650 #4 - PUNTO DE ACCESO ADICIONAL DE MATERIA--TÉRMINO DE MATERIA
9 (RLIN) 144655
Término de materia o nombre geográfico como elemento de entrada Leguminosas
Subdivisión general Cultivo
650 #4 - PUNTO DE ACCESO ADICIONAL DE MATERIA--TÉRMINO DE MATERIA
9 (RLIN) 187519
Término de materia o nombre geográfico como elemento de entrada Cereales
Subdivisión general Cultivo
700 1# - PUNTO DE ACCESO ADICIONAL--NOMBRE DE PERSONA
9 (RLIN) 151764
Nombre de persona Berlijin, Johan D
700 1# - PUNTO DE ACCESO ADICIONAL--NOMBRE DE PERSONA
9 (RLIN) 131124
Nombre de persona Kirchner Salinas, F. R.
Término indicativo de función/relación Colaborador
830 ## - PUNTO DE ACCESO ADICIONAL DE SERIE-TÍTULO UNIFORME
9 (RLIN) 142161
Título uniforme Manuales para educación agropecuaria
Designación de volumen o secuencia Producción vegetal
942 ## - ELEMENTOS DE PUNTO DE ACCESO ADICIONAL (KOHA)
Tipo de ítem Koha
Fuente del sistema de clasificación o colocación Dewey Decimal Classification
Holdings
Estado de retiro Estado de pérdida Fuente del sistema de clasificación o colocación Estado dañado Restricciones de uso No para préstamo Código de colección Localización permanente Ubicación/localización actual Ubicación en estantería Fecha de adquisición Total de préstamos Signatura topográfica completa Código de barras Fecha visto por última vez Fecha del último préstamo Precio válido a partir de Tipo de ítem Koha Número de copia
    Dewey Decimal Classification   Préstamo 15 días   General Biblioteca Central Biblioteca Central Planta principal - Colección General 04/07/2023 2 633.1041 C96 2015 33724002575545 06/06/2024 20/05/2024 04/07/2023 Libro  
    Dewey Decimal Classification   Préstamo 15 días   General Biblioteca Central Biblioteca Central Planta principal - Colección General 04/07/2023 1 633.1041 C96 2015 33724002575504 13/02/2024 29/01/2024 04/07/2023 Libro c.2